000 00324nam a22001337a 4500
008 171101b xxu||||| |||| 00| 0 eng d
020 _a9780199559916
041 _aeng
080 _a339
100 _a59
101 _aTRE
245 _aENERGY AND THE TRANSFORMATION OF INTERNATIONAL RELATIONS
_cWENGER,A
942 _2udc
_cBK
999 _c37058
_d37058